Evaluación del mercadeo de cursos académicos por Internet

Presenta una evaluación del mercadeo de cursos académicos por Internet, como instrumento para impartir contenidos académicos caracteriza de forma cada vez más indiscutible todos los ámbitos de la enseñanza, y este estudio deriva de la urgente necesidad que tienen las universidades y centros de...

Full description

Bibliographic Details
Main Author: Manzanares García, Hayder
Other Authors: Tutor: Nororí Paguaga, Verónica
Format: Tesis Section = Libro
Language:Undetermined
Spanish
Published: Managua UNI 2011
Subjects:
LEADER 01212nam a2200253Ia 4500
008 240830s9999 xx 000 0 und d
040 |a BIBLIOTECA-RUSB/ T.Mon 004.65 M296 
041 |a spa 
082 |a T.Mon 004.65 M296 
100 1 |a Manzanares García, Hayder 
245 1 0 |a Evaluación del mercadeo de cursos académicos por Internet 
260 |a Managua  |b UNI  |c 2011 
300 |a 44 p. :il. 
500 |a Contiene: anexos. 
502 |a Tesis (Ingeniero Electrónico) - UNI, 2011. 
520 3 |a Presenta una evaluación del mercadeo de cursos académicos por Internet, como instrumento para impartir contenidos académicos caracteriza de forma cada vez más indiscutible todos los ámbitos de la enseñanza, y este estudio deriva de la urgente necesidad que tienen las universidades y centros de formación de ampliar su oferta educativa adoptarlas a las necesidades de la sociedad y hacerla accesible a un mayor número de estudiantes. 
650 7 |a INTERNTE 
650 7 |b  USO DEL COMPUTADOR-INNOVACIONES EDUCATIVAS 
650 7 |c  PAGINA WEB-DISEÑO 
650 7 |d  DESARROLLO DE SOFTWARE 
700 1 |a Tutor:  |b Nororí Paguaga, Verónica 
942 |c BK  |2 ddc 
991 |a TESIS 
999 |c 21580